Which Show? Sitcom Characters Quiz Stats

 Plays Quiz Updated Sep 11, 2016

Score 0/24 Timer 04:00
4 Plays Today
Question Answer Wrong Answers
Jerry Seinfeld Seinfeld
96.8%
Friends
0.3%
The Big Bang Theory
0.2%
How I Met Your Mother
0.2%
Ross Geller Friends
96.3%
The Big Bang Theory
0.3%
How I Met Your Mother
0.4%
Seinfeld
0.5%
Joey Tribbiani Friends
96%
The Big Bang Theory
0.4%
How I Met Your Mother
0.5%
Seinfeld
0.6%
Monica Geller Friends
96%
The Big Bang Theory
0.3%
How I Met Your Mother
0.6%
Seinfeld
0.5%
Rachel Green Friends
96%
The Big Bang Theory
0.3%
How I Met Your Mother
0.7%
Seinfeld
0.5%
Chandler Bing Friends
95.9%
The Big Bang Theory
0.5%
How I Met Your Mother
0.5%
Seinfeld
0.5%
Sheldon Cooper The Big Bang Theory
95.9%
Friends
0.4%
How I Met Your Mother
0.8%
Seinfeld
0.4%
Phoebe Buffay Friends
95.7%
The Big Bang Theory
0.5%
How I Met Your Mother
0.6%
Seinfeld
0.6%
Raj Koothrappali The Big Bang Theory
94.8%
Friends
0.3%
How I Met Your Mother
1.5%
Seinfeld
0.8%
George Costanza Seinfeld
93.2%
Friends
1.3%
The Big Bang Theory
1.3%
How I Met Your Mother
1.6%
Leonard Hofstadter The Big Bang Theory
93.1%
Friends
0.5%
How I Met Your Mother
1.9%
Seinfeld
1.8%
Barney Stinson How I Met Your Mother
93.1%
Friends
0.8%
The Big Bang Theory
2%
Seinfeld
1.4%
Cosmo Kramer Seinfeld
93%
Friends
1.2%
The Big Bang Theory
2.2%
How I Met Your Mother
1.1%
Ted Mosby How I Met Your Mother
92.6%
Friends
1%
The Big Bang Theory
1.9%
Seinfeld
1.8%
Penny The Big Bang Theory
92.2%
Friends
0.9%
How I Met Your Mother
3.2%
Seinfeld
1%
Howard Wolowitz The Big Bang Theory
91.3%
Friends
0.5%
How I Met Your Mother
2.9%
Seinfeld
2.6%
Newman Seinfeld
91%
Friends
1.2%
The Big Bang Theory
2.8%
How I Met Your Mother
2.3%
Elaine Benes Seinfeld
91%
Friends
2%
The Big Bang Theory
1.8%
How I Met Your Mother
2.5%
Marshall Eriksen How I Met Your Mother
90.9%
Friends
1%
The Big Bang Theory
3.7%
Seinfeld
1.7%
Lily Aldrin How I Met Your Mother
90.3%
Friends
1.3%
The Big Bang Theory
3.7%
Seinfeld
2%
Robin Scherbatsky How I Met Your Mother
90%
Friends
1.1%
The Big Bang Theory
4.4%
Seinfeld
1.8%
Bernadette Rostenkowski The Big Bang Theory
88.3%
Friends
0.8%
How I Met Your Mother
4.8%
Seinfeld
3.4%
Amy Farrah Fowler The Big Bang Theory
85.8%
Friends
1.1%
How I Met Your Mother
7.3%
Seinfeld
3.1%
Uncle Leo Seinfeld
81.9%
Friends
3.3%
The Big Bang Theory
3.9%
How I Met Your Mother
8%

You're not logged in!

Compare scores with friends on all Sporcle quizzes.
OR
Log In

Show Comments

Extras

Top Quizzes Today


Score Distribution

Your Account Isn't Verified!

In order to create a playlist on Sporcle, you need to verify the email address you used during registration. Go to your Sporcle Settings to finish the process.

Report this User

Report this user for behavior that violates our Community Guidelines.

Details: